000
00324nam a2200157Ia 4500
003
0STCL
008
150530s9999 xx 000 0 und d
040
_a
STCL
_c
STCL
100
_a
Michael Green
245
_a
Banker
260
_c
1970
546
_a
English
942
_2
ddc
_c
BK
999
_c
5772
_d
5772
005
20220125165418.0